Groups and analysis : the legacy of Hermann Weyl
Αποθηκεύτηκε σε:
| Συγγραφή απο Οργανισμό/Αρχή: | |
|---|---|
| Άλλοι συγγραφείς: | |
| Μορφή: | Πρακτικό Συνεδρίου Βιβλίο |
| Γλώσσα: | English |
| Δημοσίευση: |
Cambridge, UK ; New York :
Cambridge University Press,
2008.
|
| Σειρά: | London Mathematical Society lecture note series ;
354 |
| Θέματα: | |
| Ετικέτες: |
Προσθήκη ετικέτας
Δεν υπάρχουν, Καταχωρήστε ετικέτα πρώτοι!
|
MARC
| LEADER | 00000cam a2200000 i 4500 | ||
|---|---|---|---|
| 001 | 1/17328 | ||
| 008 | 120117s2008 enk| ||| |||| ||eng|| | ||
| 020 | |a 9780521717885 | ||
| 035 | |l 10111670 | ||
| 040 | |a GR-MyUa |b gre |e AACR2 | ||
| 041 | 0 | |a eng | |
| 082 | 7 | |a 512.2 |2 (22) | |
| 111 | 2 | |a Hermann Weyl Conference |d (2006 : |c Bielefeld, Germany) | |
| 245 | 1 | 0 | |a Groups and analysis : |b the legacy of Hermann Weyl / |c edited by Katrin Tent. |
| 260 | |a Cambridge, UK ; New York : |b Cambridge University Press, |c 2008. | ||
| 300 | |a x, 326 σ. : |b εικ. ; |c 23 εκ. | ||
| 490 | 1 | |a (London Mathematical Society lecture note series ; |v 354) | |
| 500 | |a "Hermann Weyl Conference, Bielefeld, September 10-13, 2006". | ||
| 504 | |a Περιέχει βιβλιογραφικές αναφορές. | ||
| 600 | 1 | 0 | |a Weyl, Hermann, |d 1885-1955 |x Congresses. |
| 650 | 0 | |a Group theory |x Congresses. | |
| 650 | 0 | |a Numerical analysis |x Congresses. | |
| 700 | 1 | |a Tent, Katrin, |d 1963- |e edtf | |
| 830 | 0 | |a London Mathematical Society lecture note series ; |v 354 | |
| 852 | |a INST |b SAMOS |e 20120117 |h 512.2 HER |p 005300034095 |q 005300034095 |t BK |y 0 | ||
| 901 | |a BIBL3-2012-1 | ||
| 922 | |a 3ΕΛΗ |b 201112 |c ΤΜΗΜΑ ΜΑΘΗΜΑΤΙΚΩΝ/ΜΕΤΑΠΤΥΧΙΑΚΟ |d ΔΙΑΔΡΟΜΕΣ | ||
| 970 | |a ΚΟΣΙΕΡΗΣ |b ΧΡΗΣΤΟΣ |z 2012/01/17 | ||